000 00505nam a2200169 i 4500
001 79897
003 ES-MaACL
005 20230906174057.0
007 t|
008 041025s1980 sp ||||1| spa d
020 _a84-267-0400-X
100 1 _aHerranz Acero, Guillermo.
_963166
245 1 0 _aConvertidores electromecánicos de energía /
_cGuillermo Herranz Acero.
260 _aBarcelona :
_bMarcombo :
_bBoixareu,
_c[1980]
300 _aXVI, 347 p. ;
_c24 cm.
852 _aES-MaACL
_jL-11619
_bR.113369
999 _c79897
_d79897